000 00228nam a2200097Ia 4500
008 240331s9999 xx 000 0 und d
082 _bVAL
100 _aValarmathi,M.M
245 0 _aSuyamariyathai iyakka veeranganaigal
942 _cL
999 _c4751
_d4751